[Event "SLO-chT2 East"]
[Site "Brezice Maribor"]
[Date "2007.06.09"]
[Round "4"]
[White "Cagorovic, Veljo"]
[Black "Riznar, Helena"]
[Result "0-1"]
[WhiteElo "1733"]
[BlackElo "2023"]
[PlyCount "90"]
[EventDate "2007.05.26"]
[EventType "team-tourn"]
[EventRounds "9"]
[EventCountry "SLO"]
[SourceTitle "EXT 2010"]
[Source "ChessBase"]
[SourceDate "2010.11.25"]
[SourceVersion "1"]
[SourceVersionDate "2010.11.25"]
[SourceQuality "1"]

1. e4 c5 2. Nf3 Nc6 3. d4 cxd4 4. Nxd4 Qc7 5. Nc3 Nf6 6. Be3 a6 7. h3 e6 8. Qd2 Be7 9. Be2 0-0 10. 0-0 b5 11. f4 b4 12. Nd1 Nxe4 13. Qd3 d5 14. Nf2 Ng3 15. Rfe1 Nxe2+ 16. Qxe2 Bf6 17. c3 Nxd4 18. cxd4 Qb6 19. Red1 Bd7 20. Ng4 Be7 21. Ne5 Bb5 22. Qg4 f6 23. Nf3 Rac8 24. Rd2 Rc7 25. Kh1 Rfc8 26. Rad1 Rc1 27. Rxc1 Rxc1+ 28. Kh2 Kf7 29. Qh5+ Kg8 30. Rf2 Rc8 31. g4 Be8 32. Qh4 b3 33. axb3 Qxb3 34. Re2 Bb5 35. Nd2 Qxb2 36. Re1 Qc3 37. Qg3 Bd6 38. g5 f5 39. h4 Be8 40. Re2 Bh5 41. Nf3 Qd3 42. Qf2 Rc3 43. Kg3 a5 44. Qe1 a4 45. Kf2 Bxf4 0-1

[Event "SLO-chT2 East"]
[Site "Brezice Maribor"]
[Date "2007.05.26"]
[Round "1"]
[White "Mrakic, Tone"]
[Black "Cagorovic, Veljo"]
[Result "1/2-1/2"]
[WhiteElo "1867"]
[BlackElo "1733"]
[PlyCount "42"]
[EventDate "2007.05.26"]
[EventType "team-tourn"]
[EventRounds "9"]
[EventCountry "SLO"]
[SourceTitle "EXT 2010"]
[Source "ChessBase"]
[SourceDate "2010.11.25"]
[SourceVersion "1"]
[SourceVersionDate "2010.11.25"]
[SourceQuality "1"]

1. e4 d6 2. d4 Nf6 3. Nc3 g6 4. Nf3 Bg7 5. Bd3 0-0 6. 0-0 c5 7. d5 Bg4 8. h3 Bxf3 9. Qxf3 Nbd7 10. Bf4 Qc7 11. Qe2 a6 12. a4 e5 13. dxe6 fxe6 14. Bc4 Rfe8 15. Rad1 Ne5 16. Bxe5 dxe5 17. Rd3 Rad8 18. Rfd1 Rd4 19. b3 Qc6 20. f3 Rb8 21. Kf2 Kf7 1/2-1/2